| 000 | 00578cab a2200193 4500 | ||
|---|---|---|---|
| 001 | ABS39012 | ||
| 008 | 090401t1988 xxu||||| |||| 00| 0 eng d | ||
| 035 | _a(Sirsi) u13782 | ||
| 041 | _aeng | ||
| 100 | _aBar-Hillel, Mira | ||
| 245 | _aSweett success with Target Cost | ||
| 260 | _c1988 | ||
| 350 | _a0 | ||
| 490 |
_aChartered Surveyor Weekly _v23(3) 21 April 1988, 25(1) |
||
| 520 | _aDiscusses Cyril Sweett `s contractual alternative to design and build called Target Cost . | ||
| 690 | _aBUILT ENVIRONMENT-BUILDING CONTRACT FORMS | ||
| 942 | _n0 | ||
| 948 | _c04/03/1997 | ||
| 999 |
_c8883 _d8883 |
||